000 00281nam a2200121Ia 4500
008 191201s2018 xx 000 0 und d
100 _aGOETZ,Brian
245 0 _aJava Concurrency in Practice
260 _bPearson
_c2018
300 _a352
650 _aB.Tech(CSE)
942 _2ddc
_cBK
999 _c7155
_d7155